000 00466nam a2200181Ia 4500
008 131103s9999 xx 000 0 und d
040 _aLoreto College
041 _aEnglish
082 _aCHBK
_b#NAME?
100 _aSwift,Jonathan
245 _aGulliver's travels
_cJonathan Swift
260 _aLondon
_bBancroft
_c1968
300 _a126p.
_c 21cm.
650 _aSwift,Jonathan 1667 - 1745
651 _aCHBK - 1
850 _aLCBED/CHBK - 1/SWI
942 _cBK
999 _c31121
_d81600